00226nam a2200097Ia 4500008004100000041000800041082001200049100001600061245002400077260002700101231212s1978 xx 000 0 und d aeng a621.384 aRhodes D.R. aSynthesis of Planar aNew YorkbGeorgec1978